000 00363pam a2200145 a 4500
020 _a978-81-203-2107-6
_c
041 _h
082 _a624.151'36
100 _aPopov E.P.
_eAuthor
245 _aEngineering Mechananics of Solids
_cPopov E.P.
_hTextual Documents
250 _a1st Ed.
260 _bPHI Learning Pvt. Ltd.
_c2012
300 _a864
930 _a650
999 _c244760
_d244760